Quiz carriere joueur niveau difficile #2 - Statistiques

Statistiques générales
  • Ce quiz a été pris 43 fois
  • Le résultat moyen est 2 sur 6
Statistiques - réponses
Hint Réponse % Correct
1. FC Valence2 . Atletico Madrid 3. OM Geoffrey Kondogbia
84%
1. Sporting Lisbonne2. Wolverhampton 3. AS Roma Rui Patricio
42%
1. Hoffenheim2. OGC Nice 3. Anderlecht Kasper Dolberg
32%
1. Taye Academy2. Manchester City 3. Leicester City Kelechi Iheanacho
29%
1. Besiktas 2. FC Barcelone 3. FC Sharjah Miralem Pjanic
21%
1. CF Malaga2. CD Leganes 3. FC Seville Youssef En-Nesyri
8%
Aucun quiz correspondant
Distribution des résultats
% des personnes avec chaque résultat
Percentile par nombre de réponses
Votre historique - résultats
Vous n’avez pas pris ce quiz